Learning Resource and Development

The compact Bedford introduction to literature : (Record no. 23951)

MARC details
000 -LEADER
fixed length control field 01261cam a2200325 a 4500
001 - CONTROL NUMBER
control field compactbedfordin00meye
003 - CONTROL NUMBER IDENTIFIER
control field CaSfIA
005 - DATE AND TIME OF LATEST TRANSACTION
control field 20230525155233.0
007 - PHYSICAL DESCRIPTION FIXED FIELD--GENERAL INFORMATION
fixed length control field cr||||
008 - FIXED-LENGTH DATA ELEMENTS--GENERAL INFORMATION
fixed length control field 961008s1997 mau 001 0 eng
010 ## - LIBRARY OF CONGRESS CONTROL NUMBER
LC control number 96085012
040 ## - CATALOGING SOURCE
Original cataloging agency DLC
Transcribing agency DLC
Modifying agency MLX
-- BTCTA
-- OCLCG
-- CaSfIA
020 ## - INTERNATIONAL STANDARD BOOK NUMBER
International Standard Book Number 0312132638 (pbk.)
020 ## - INTERNATIONAL STANDARD BOOK NUMBER
International Standard Book Number 9780312132637 (pbk.)
035 ## - SYSTEM CONTROL NUMBER
System control number (OCoLC)35792419
050 00 - LIBRARY OF CONGRESS CALL NUMBER
Classification number PN6014
Item number .C623 1997
082 00 - DEWEY DECIMAL CLASSIFICATION NUMBER
Classification number 808
Edition number 21
245 04 - TITLE STATEMENT
Title The compact Bedford introduction to literature :
Medium [electronic resource]
Remainder of title reading, thinking, and writing /
Statement of responsibility, etc. [edited by] Michael Meyer.
246 30 - VARYING FORM OF TITLE
Title proper/short title Introduction to literature
250 ## - EDITION STATEMENT
Edition statement 4th ed.
260 ## - PUBLICATION, DISTRIBUTION, ETC.
Place of publication, distribution, etc. Boston :
Name of publisher, distributor, etc. Bedford Books of St. Martin's Press,
Date of publication, distribution, etc. c1997.
300 ## - PHYSICAL DESCRIPTION
Extent xxxiv, 1540 p. ;
Dimensions 24 cm.
500 ## - GENERAL NOTE
General note Includes indexes.
505 2# - FORMATTED CONTENTS NOTE
Formatted contents note Reading imaginative literature -- Fiction -- Poetry -- Drama -- Critical thinking and writing.
650 #0 - SUBJECT ADDED ENTRY--TOPICAL TERM
Topical term or geographic name entry element Literature
Form subdivision Collections.
650 #0 - SUBJECT ADDED ENTRY--TOPICAL TERM
Topical term or geographic name entry element College readers.
700 1# - ADDED ENTRY--PERSONAL NAME
Personal name Meyer, Michael,
Dates associated with a name 1945-
856 41 - ELECTRONIC LOCATION AND ACCESS
Uniform Resource Identifier <a href="http://www.archive.org/details/compactbedfordin00meye">http://www.archive.org/details/compactbedfordin00meye</a>
Public note Free eBook from the Internet Archive
856 42 - ELECTRONIC LOCATION AND ACCESS
Uniform Resource Identifier <a href="http://www.openlibrary.org/books/OL1022446M">http://www.openlibrary.org/books/OL1022446M</a>
Public note Additional information and access via Open Library
Holdings
Withdrawn status Lost status Damaged status Not for loan Collection Home library Current library Date acquired Total Checkouts Full call number Date last seen Price effective from Koha item type
        Project Gutenberg Main Library Main Library 05/25/2023   PN6014 .C623 1997 05/25/2023 05/25/2023 EBooks